00465nam a2200157Ia 450000500170000000800410001708200130005810000190007124500220009026000360011230000130014850000260016194200060018795200990019399900150029220250405104517.0240331s9999 xx 000 0 und d bSIVa894 aSivasekaran, S 0aKuntrathu kumural aMadrasbSouth Asian Booksc1993 a115 p ., aA Collection of Poems cL 001040708LaWERCLbWERCLcSSCd2024-03-31l0o 894.811 SIVp5028r2024-03-31w2024-03-31yL c4025d4025